01421nam a2200229 i 4500001000700000003000900007005001700016007000300033008004100036100002400077245018600101260003700287300002100324500002300345505061900368700002800987700002901015700004101044700003801085700003401123852003401157134745ES-MaACL20251012175129.0t|070913m19051906sp ||||1| spa d1 aWeis, Albert Maria.10aApología del cristianismo desde el punto de vista de las costumbres y de la civilización / cAlberto Maria Weis ; obra escrita en alemán y traducida por Dionisio Fierro Gasca. aBarcelona : bGili, c1905-1906. a10 v. ; c24 cm. aFalta el vol. VII.8 aContiene: I-II: El hombre completo III-IV: Humanidad y humanismo / traducido por Eugenio González Mir V-VI: Naturaleza y sobrenaturaleza, espíritu y vida del Cristianismo / traducción de la última edición alemana por el Dr. D. Norberto Font y Sagué VII-VIII: La cuestión social y el orden social. Manual de Sociología / traducción de la última edición alemana, por el Dr. D. Modesto Hernández Villaescusa IX-X: Filosofía de la Perfección. Doctrina de la más elevada empresa moral del hombre / traducción de la última edición alemana, por el Dr. D. Emilio A. Villelga Rodríguez1 aFierro Gasca, Dionisio.1 aGonzález Mir, Eugenio.1 aFont y Sagué, Norbert, d1874-19101 aHernández Villaescusa, Modesto.1 aVillelga Rodríguez, Emilio. aES-MaACLjA-4801-10 bR.16762